000 00450nam a2200181Ia 4500
008 230711s9999||||xx |||||||||||||| ||und||
020 _a81-7008-825-9
041 _aENG
082 _a624
_bPV-S
100 _aPunmia ,B.c
245 0 _aHigher surveying -surveying - 111
250 _a15th Ed.
260 _c2012
_aNew Delhi
_bLaxmi Publications(P) Ltd
300 _a274
650 _aCivil Engineering
700 _aJain,Ashok Kumar
942 _cBK
999 _c9062
_d9062